[Event "Duna Kupa (Nõi Nyílt Bajnokság)"]
[Site "Budapest"]
[Date "2015.09.24"]
[Round "2.23"]
[White "Rezsek, Gyozo"]
[Black "Fodre, Sandor"]
[Result "1-0"]
[WhiteElo "2015"]
[BlackElo "2139"]
[PlyCount "79"]
[EventDate "2015.09.23"]
[EventType "swiss"]
[EventRounds "9"]
[EventCountry "HUN"]

1. e4 c5 2. Nf3 Nc6 3. Nc3 e5 4. Bc4 Be7 5. d3 d6 6. h3 Nf6 7. O-O O-O 8. Nd5
Nxd5 9. Bxd5 Kh8 10. g4 h5 11. Nh2 Bg5 12. Bxc6 bxc6 13. Qf3 Bxc1 14. Raxc1 Qg5
15. Qg3 h4 16. Qe3 Qe7 17. f4 exf4 18. Qxf4 Kg8 19. Nf3 Be6 20. b3 Rae8 21. Qg5
Qxg5 22. Nxg5 g6 23. Rf6 Kg7 24. Rcf1 Re7 25. Nxe6+ Rxe6 26. Rxe6 fxe6 27. Rxf8
Kxf8 28. g5 e5 29. Kf2 d5 30. c4 Ke7 31. Kf3 Kd6 32. Kg4 a5 33. Kxh4 a4 34.
bxa4 Kc7 35. Kg4 Kb6 36. h4 dxc4 37. dxc4 Ka5 38. h5 gxh5+ 39. Kxh5 Kb4 40. g6
1-0

[Event "Duna Kupa (Nõi Nyílt Bajnokság)"]
[Site "Budapest"]
[Date "2015.09.25"]
[Round "3.1"]
[White "Czebe, Attila"]
[Black "Vajda, Szidonia"]
[Result "1-0"]
[WhiteElo "2439"]
[BlackElo "2352"]
[PlyCount "63"]
[EventDate "2015.09.23"]
[EventType "swiss"]
[EventRounds "9"]
[EventCountry "HUN"]

1. c4 c5 2. Nf3 Nf6 3. Nc3 Nc6 4. d4 cxd4 5. Nxd4 e6 6. a3 Be7 7. e4 O-O 8. Be2
Qc7 9. Be3 Rd8 10. O-O d5 11. cxd5 exd5 12. Nxd5 Nxd5 13. exd5 Nxd4 14. Qxd4
Bf6 15. Qb4 Qe5 16. Bf3 Qxb2 17. Rac1 a5 18. Qc5 Bf5 19. d6 g6 20. g4 Rac8 21.
Qxa5 Be6 22. Rxc8 Rxc8 23. Qb4 Ra8 24. Qxb2 Bxb2 25. Rd1 Bd7 26. Rb1 Bxa3 27.
Rxb7 Be6 28. d7 Be7 29. h3 Bd8 30. Kg2 Kg7 31. Rb2 Ra2 32. Rb8 1-0

[Event "Duna Kupa (Nõi Nyílt Bajnokság)"]
[Site "Budapest"]
[Date "2015.09.25"]
[Round "3.2"]
[White "Reznak, Attila"]
[Black "Almasi, Istvan"]
[Result "0-1"]
[WhiteElo "2340"]
[BlackElo "2409"]
[PlyCount "64"]
[EventDate "2015.09.23"]
[EventType "swiss"]
[EventRounds "9"]
[EventCountry "HUN"]

1. c4 Nf6 2. Nc3 g6 3. g3 Bg7 4. Bg2 O-O 5. Nf3 d6 6. O-O e5 7. Rb1 a5 8. a3 h6
9. d3 Be6 10. b4 axb4 11. Rxb4 Ra7 12. Be3 b6 13. Nb5 Ra6 14. Ra4 Rxa4 15. Qxa4
Nc6 16. Qa6 Qd7 17. Rb1 d5 18. c5 d4 19. Bd2 bxc5 20. Ba5 Nd5 21. Nd2 Nxa5 22.
Qxa5 c6 23. Bxd5 cxd5 24. Qb6 c4 25. a4 cxd3 26. exd3 Bf5 27. Nb3 Bh3 28. Nd2
Qf5 29. Rb2 Qxd3 30. a5 Rc8 31. Nc7 Qc3 32. Nc4 Qe1# 0-1

[Event "Duna Kupa (Nõi Nyílt Bajnokság)"]
[Site "Budapest"]
[Date "2015.09.25"]
[Round "3.3"]
[White "Kantor, Gergely"]
[Black "Lyell, Mark"]
[Result "0-1"]
[WhiteElo "2403"]
[BlackElo "2313"]
[PlyCount "64"]
[EventDate "2015.09.23"]
[EventType "swiss"]
[EventRounds "9"]
[EventCountry "HUN"]

1. d4 f5 2. g3 Nf6 3. Bg2 e6 4. c4 c6 5. Nh3 d6 6. O-O Be7 7. b3 O-O 8. Bb2 Qc7
9. Nd2 e5 10. c5 e4 11. cxd6 Bxd6 12. Nc4 Be6 13. e3 Nbd7 14. Rc1 Nb6 15. Nxd6
Qxd6 16. Nf4 Nbd5 17. Nxe6 Qxe6 18. Qe2 Rae8 19. Rfe1 Rf7 20. Bh3 g5 21. Kh1 h5
22. Bg2 h4 23. h3 Rh7 24. gxh4 g4 25. Qf1 Rxh4 26. Qg1 Kf7 27. Qh2 gxh3 28. Bf1
Rg8 29. Qe5 Qd7 30. Ba3 Rg2 31. Bc4 Ng4 32. Bxd5+ cxd5 0-1

[Event "Duna Kupa (Nõi Nyílt Bajnokság)"]
[Site "Budapest"]
[Date "2015.09.25"]
[Round "3.4"]
[White "Goczo, Melinda"]
[Black "Aczel, Gergely"]
[Result "0-1"]
[WhiteElo "2280"]
[BlackElo "2494"]
[PlyCount "82"]
[EventDate "2015.09.23"]
[EventType "swiss"]
[EventRounds "9"]
[EventCountry "HUN"]

1. d4 Nf6 2. c4 e6 3. Nf3 b6 4. a3 Bb7 5. Nc3 Ne4 6. d5 Nxc3 7. bxc3 Qe7 8. Qd4
Na6 9. a4 Nc5 10. Ba3 d6 11. Rd1 e5 12. Qd2 Nxa4 13. g3 Bc8 14. Bg2 g6 15. Qc2
Bd7 16. h4 Bg7 17. Ng5 Bh6 18. Ra1 Bxg5 19. hxg5 Nc5 20. Bc1 a5 21. Rh4 O-O 22.
Kf1 f5 23. Kg1 Rac8 24. f4 a4 25. Ra3 Nb3 26. Be3 exf4 27. Bxf4 Rfe8 28. Bf3
Nc5 29. Qc1 Ra8 30. Kf2 Ra5 31. Qd2 Bc8 32. Be3 Nb3 33. Qd3 Ba6 34. Bd4 Nxd4
35. cxd4 Qxg5 36. Qc2 Bc8 37. Rxa4 Qe3+ 38. Kf1 g5 39. Rh5 Rxa4 40. Qxa4 g4 41.
Rg5+ Kf8 0-1

[Event "Duna Kupa (Nõi Nyílt Bajnokság)"]
[Site "Budapest"]
[Date "2015.09.25"]
[Round "3.5"]
[White "Madl, Ildiko"]
[Black "Vegh, Endre"]
[Result "1/2-1/2"]
[WhiteElo "2366"]
[BlackElo "2259"]
[PlyCount "28"]
[EventDate "2015.09.23"]
[EventType "swiss"]
[EventRounds "9"]
[EventCountry "HUN"]

1. e4 d6 2. d4 Nf6 3. Nc3 c6 4. Nf3 Bg4 5. h3 Bh5 6. Qe2 e6 7. g4 Bg6 8. h4 h5
9. g5 Nfd7 10. Bg2 Be7 11. O-O Na6 12. Be3 d5 13. Bf4 O-O 14. a3 Nc7 1/2-1/2

[Event "Duna Kupa (Nõi Nyílt Bajnokság)"]
[Site "Budapest"]
[Date "2015.09.25"]
[Round "3.6"]
[White "Terbe, Zsuzsanna"]
[Black "Hando, Vilmos"]
[Result "0-1"]
[WhiteElo "2087"]
[BlackElo "2332"]
[PlyCount "92"]
[EventDate "2015.09.23"]
[EventType "swiss"]
[EventRounds "9"]
[EventCountry "HUN"]

1. e4 g6 2. d4 Bg7 3. Nf3 d6 4. Be2 Nf6 5. Nc3 O-O 6. O-O c6 7. a4 a5 8. Re1
Na6 9. h3 Nc7 10. Bf4 Bd7 11. Bh2 Nfe8 12. e5 d5 13. Bd3 b5 14. Nd2 Ne6 15. Nb3
b4 16. Ne2 Qb6 17. Bf4 Qc7 18. Qd2 Qc8 19. Ng3 c5 20. dxc5 Nxc5 21. Nxc5 Qxc5
22. Be3 Qc8 23. f4 Nc7 24. Ne2 Ne6 25. c3 Nc5 26. Bxc5 Qxc5+ 27. Kh1 Rab8 28.
Rec1 bxc3 29. bxc3 f6 30. c4 fxe5 31. cxd5 Qb4 32. Qxb4 Rxb4 33. fxe5 Bxe5 34.
Rab1 Bxa4 35. Bc4 Kg7 36. Ng1 Rc8 37. Rxb4 axb4 38. Re1 Bf6 39. Bd3 b3 40. Re4
Bd7 41. Rb4 b2 42. g4 Rc5 43. Be4 Bb5 44. Nf3 Bc4 45. g5 Bc3 46. Rb7 Bxd5 0-1

[Event "Duna Kupa (Nõi Nyílt Bajnokság)"]
[Site "Budapest"]
[Date "2015.09.25"]
[Round "3.7"]
[White "Rudolf, Anna"]
[Black "Polyik, Peter"]
[Result "1-0"]
[WhiteElo "2329"]
[BlackElo "2178"]
[PlyCount "75"]
[EventDate "2015.09.23"]
[EventType "swiss"]
[EventRounds "9"]
[EventCountry "HUN"]

1. Nf3 d5 2. d4 Nf6 3. c4 e6 4. e3 c6 5. Bd3 dxc4 6. Bxc4 b5 7. Be2 Bb7 8. O-O
a6 9. b3 Nbd7 10. Bb2 c5 11. Nbd2 Bd6 12. dxc5 Nxc5 13. Ne5 O-O 14. Bf3 Nd5 15.
Ne4 Nxe4 16. Bxe4 f5 17. Bf3 Qg5 18. Qd4 Rad8 19. Qa7 Ba8 20. g3 f4 21. h4 Qf6
22. exf4 Nxf4 23. Bxa8 Bxe5 24. Bxe5 Qxe5 25. gxf4 Rxf4 26. Bg2 Rxh4 27. Rfe1
Qh2+ 28. Kf1 Rg4 29. Qb7 Rf8 30. Rxe6 Qg3 31. Re2 Rgf4 32. Qb6 Qd3 33. Qe6+ Kh8
34. Kg1 h5 35. Rae1 Rg4 36. Qe3 Qd5 37. Qh3 Rf5 38. Qxg4 1-0

[Event "Duna Kupa (Nõi Nyílt Bajnokság)"]
[Site "Budapest"]
[Date "2015.09.25"]
[Round "3.8"]
[White "Gara, Anita"]
[Black "Terbe, Julianna"]
[Result "1-0"]
[WhiteElo "2307"]
[BlackElo "2233"]
[PlyCount "79"]
[EventDate "2015.09.23"]
[EventType "swiss"]
[EventRounds "9"]
[EventCountry "HUN"]

1. e4 c5 2. Nf3 Nc6 3. Nc3 e5 4. Bc4 Be7 5. d3 d6 6. a3 Nf6 7. h3 O-O 8. O-O a6
9. Ba2 b5 10. Re1 h6 11. Nd2 Be6 12. Nd5 Nh7 13. Nf1 Bg5 14. c3 Kh8 15. Bxg5
Qxg5 16. Re3 Ra7 17. Rg3 Qh4 18. Nfe3 g6 19. Qd2 h5 20. Rf1 Rg8 21. Kh2 f5 22.
exf5 gxf5 23. Nxf5 Bxf5 24. Rxg8+ Kxg8 25. Ne7+ Kh8 26. Nxf5 Qf6 27. Ng3 h4 28.
Ne4 Qg6 29. Qe2 Rg7 30. Qg4 Ne7 31. Qxg6 Rxg6 32. f4 Nf5 33. fxe5 Ne3 34. Rf2
dxe5 35. Re2 Nf1+ 36. Kg1 Ng3 37. Nxg3 Rxg3 38. Rxe5 Rxd3 39. Re8+ Kg7 40. Re7+
1-0

[Event "Duna Kupa (Nõi Nyílt Bajnokság)"]
[Site "Budapest"]
[Date "2015.09.25"]
[Round "3.9"]
[White "Balint, Vilmos"]
[Black "Berta, Sandor"]
[Result "1-0"]
[WhiteElo "2288"]
[BlackElo "2051"]
[PlyCount "95"]
[EventDate "2015.09.23"]
[EventType "swiss"]
[EventRounds "9"]
[EventCountry "HUN"]

1. d4 Nf6 2. Nf3 g6 3. g3 Bg7 4. Bg2 O-O 5. O-O d6 6. c4 Nc6 7. Nc3 a6 8. Bf4
Rb8 9. Rc1 Bd7 10. Qd2 Re8 11. Nd5 Nh5 12. Bg5 Nf6 13. Nxf6+ exf6 14. Bf4 g5
15. Be3 Ne7 16. Ne1 Nf5 17. Nc2 Qe7 18. Qa5 b5 19. c5 c6 20. d5 cxd5 21. c6
Bxc6 22. Nb4 Ba8 23. Rc7 Qe5 24. Ba7 Rbc8 25. Rxc8 Rxc8 26. Qxa6 Ne7 27. e3 Qe6
28. Qxb5 f5 29. Bd4 Bxd4 30. exd4 f4 31. gxf4 gxf4 32. Qd3 Rc4 33. a3 Qf6 34.
Rd1 Nf5 35. Bxd5 Qg5+ 36. Kh1 Bxd5+ 37. Nxd5 Rxd4 38. Qxd4 Nxd4 39. Rg1 Qxg1+
40. Kxg1 f3 41. a4 f5 42. a5 Kf7 43. a6 Nc6 44. b4 Na7 45. Nc7 Ke7 46. b5 Nc8
47. Nd5+ Kd7 48. b6 1-0

[Event "Duna Kupa (Nõi Nyílt Bajnokság)"]
[Site "Budapest"]
[Date "2015.09.25"]
[Round "3.10"]
[White "Boguszlavszkij, Jevgenyij"]
[Black "Szeberenyi, Adam"]
[Result "0-1"]
[WhiteElo "2204"]
[BlackElo "2378"]
[PlyCount "94"]
[EventDate "2015.09.23"]
[EventType "swiss"]
[EventRounds "9"]
[EventCountry "HUN"]

1. e4 c5 2. d3 Nc6 3. g3 g6 4. Bg2 Bg7 5. f4 d6 6. Nf3 Nh6 7. c3 f5 8. O-O Nf7
9. Na3 O-O 10. Nh4 e6 11. Be3 Bd7 12. Nc2 Qa5 13. Qe2 Rae8 14. Qf2 Kh8 15. a3
Qb5 16. Rab1 Qb3 17. Rfd1 Nh6 18. h3 e5 19. Qd2 exf4 20. Bxf4 Nf7 21. exf5 gxf5
22. Ne3 Nfe5 23. Bd5 Qb6 24. Rf1 Ne7 25. Bg2 Qa6 26. Rbd1 Ba4 27. b3 Bxb3 28.
Rb1 Be6 29. Bxb7 Qa5 30. Bg2 d5 31. Qc2 Qa6 32. Rfd1 d4 33. cxd4 cxd4 34. Nf1
Nd5 35. Qc5 Nxd3 36. Rxd3 Qxd3 37. Rb7 Nxf4 38. gxf4 Qc3 39. Qxa7 d3 40. Nf3
Bd5 41. Rc7 Qb2 42. Rd7 Re2 43. Rxd5 Rxg2+ 44. Kh1 Rf2 45. N3h2 Qe2 46. Kg1
Rg2+ 47. Kh1 Rxh2+ 0-1

[Event "Duna Kupa (Nõi Nyílt Bajnokság)"]
[Site "Budapest"]
[Date "2015.09.25"]
[Round "3.11"]
[White "Erdos, Boglarka"]
[Black "Szalanczy, Emil"]
[Result "1/2-1/2"]
[WhiteElo "2186"]
[BlackElo "2280"]
[PlyCount "133"]
[EventDate "2015.09.23"]
[EventType "swiss"]
[EventRounds "9"]
[EventCountry "HUN"]

1. Nf3 c5 2. c4 Nf6 3. Nc3 Nc6 4. e3 g6 5. d4 cxd4 6. exd4 d5 7. cxd5 Nxd5 8.
Qb3 e6 9. Bg5 Be7 10. Bh6 Bb4 11. Rc1 Qb6 12. Be2 Bd7 13. O-O Nxc3 14. bxc3 Bf8
15. Bxf8 Qxb3 16. axb3 Kxf8 17. c4 Nb4 18. Ne5 Bc6 19. Bf3 Bxf3 20. Nxf3 Rd8
21. Ra1 a6 22. Rfd1 Ke7 23. Ra4 Nc6 24. Ra2 Rd7 25. Rad2 Rhd8 26. Kf1 f6 27.
Ke2 Nb4 28. Ke3 b6 29. Ng1 Rc8 30. Ne2 Rdc7 31. f4 Kd6 32. Nc3 Nd5+ 33. Nxd5
exd5 34. Ra1 dxc4 35. bxc4 Rxc4 36. Rxa6 Rb4 37. Ra7 Rb3+ 38. Kf2 Rc7 39. Ra8
f5 40. h3 Rd7 41. Re8 Rb4 42. g4 Rb3 43. gxf5 gxf5 44. Rf8 Rxh3 45. Rxf5 Re7
46. Kg2 Rb3 47. d5 Rg7+ 48. Kf2 Rbg3 49. Rf6+ Kd7 50. Rd4 R3g6 51. Rxg6 Rxg6
52. Rb4 h5 53. Kf3 h4 54. f5 Rh6 55. Kg2 h3+ 56. Kh2 Kc7 57. d6+ Kc6 58. Rb3 b5
59. d7 Rh8 60. d8=Q Rxd8 61. Kxh3 Rd4 62. Kg3 b4 63. f6 Kc5 64. f7 Rd8 65. Kg4
Rf8 66. Rf3 b3 67. Rxb3 1/2-1/2

[Event "Duna Kupa (Nõi Nyílt Bajnokság)"]
[Site "Budapest"]
[Date "2015.09.25"]
[Round "3.12"]
[White "Keschitz, Gyorgy"]
[Black "Karacsonyi, Gellert"]
[Result "1-0"]
[WhiteElo "2260"]
[BlackElo "2055"]
[PlyCount "117"]
[EventDate "2015.09.23"]
[EventType "swiss"]
[EventRounds "9"]
[EventCountry "HUN"]

1. Nf3 f5 2. g3 g6 3. Bg2 Bg7 4. d3 Nf6 5. O-O O-O 6. c3 Nc6 7. a4 d6 8. a5 Kh8
9. a6 Rb8 10. axb7 Bxb7 11. Na3 e5 12. Nc4 Qe7 13. Bg5 h6 14. Bxf6 Qxf6 15. Ne3
g5 16. Nd2 f4 17. Nd5 Qf7 18. e4 Bc8 19. b4 g4 20. f3 gxf3 21. Nxf3 fxg3 22.
Nh4 gxh2+ 23. Kxh2 Qe8 24. Rxf8+ Bxf8 25. Qf3 Be7 26. Nxe7 Nxe7 27. Rxa7 Kg7
28. Rxc7 Qd8 29. Ra7 Rb7 30. Ra1 Ng6 31. Nxg6 Kxg6 32. Bh3 Bxh3 33. Rg1+ Kh7
34. Qxh3 Rg7 35. Qf5+ Kh8 36. Rxg7 Kxg7 37. Kh3 Qc7 38. c4 Qb6 39. Qd7+ Kf6 40.
Qf5+ Kg7 41. Qg4+ Kh7 42. Qd7+ Kh8 43. Qe8+ Kh7 44. Qf7+ Kh8 45. Qf6+ Kh7 46.
c5 Qxb4 47. Qe7+ Kg8 48. cxd6 Qd4 49. Kg4 Qxd3 50. Qxe5 Qe2+ 51. Kh4 Kh7 52.
Qf5+ Kh8 53. d7 Qh2+ 54. Kg4 Qg2+ 55. Kh5 Qh2+ 56. Kg6 Qg3+ 57. Kf7 Qg8+ 58.
Ke7 Qg7+ 59. Ke8 1-0

[Event "Duna Kupa (Nõi Nyílt Bajnokság)"]
[Site "Budapest"]
[Date "2015.09.25"]
[Round "3.13"]
[White "Halak, Miklos"]
[Black "Csapo, Zoltan"]
[Result "1-0"]
[WhiteElo "2253"]
[BlackElo "2005"]
[PlyCount "87"]
[EventDate "2015.09.23"]
[EventType "swiss"]
[EventRounds "9"]
[EventCountry "HUN"]

1. e4 e5 2. Nf3 Nc6 3. Nc3 d6 4. d4 exd4 5. Nxd4 Nf6 6. Nxc6 bxc6 7. Bc4 Be7 8.
O-O O-O 9. Re1 Rb8 10. Bb3 c5 11. Qe2 Re8 12. Bf4 Bf8 13. Rad1 Rb4 14. a3 Rd4
15. f3 Rxd1 16. Rxd1 Nh5 17. Be3 Qf6 18. Qb5 Qd8 19. Qa5 a6 20. Bc4 Bb7 21. b4
g6 22. Bxa6 Bxa6 23. Qxa6 Qa8 24. Qxa8 Rxa8 25. Nb5 cxb4 26. axb4 Rc8 27. Rd3
Ng7 28. Na7 Ra8 29. b5 Ne6 30. c4 Nc5 31. Bxc5 dxc5 32. Ra3 Bd6 33. Ra6 f5 34.
e5 Bf8 35. Nc6 Rc8 36. Kf2 Kf7 37. e6+ Ke8 38. Ra3 Bd6 39. Rd3 Ra8 40. b6 Ra2+
41. Kf1 Rb2 42. bxc7 Bxc7 43. Rd7 Bxh2 44. Rd8# 1-0

[Event "Duna Kupa (Nõi Nyílt Bajnokság)"]
[Site "Budapest"]
[Date "2015.09.25"]
[Round "3.14"]
[White "Rezsek, Gyozo"]
[Black "Havanecz, Bianka"]
[Result "0-1"]
[WhiteElo "2015"]
[BlackElo "2252"]
[PlyCount "84"]
[EventDate "2015.09.23"]
[EventType "swiss"]
[EventRounds "9"]
[EventCountry "HUN"]

1. e4 e5 2. Nf3 Nc6 3. Bb5 a6 4. Bxc6 dxc6 5. O-O Qf6 6. d4 exd4 7. Qxd4 Qxd4
8. Nxd4 Bd7 9. Nc3 O-O-O 10. Nde2 Ne7 11. Be3 Ng6 12. h3 Be7 13. Rad1 f5 14.
exf5 Bxf5 15. Nd4 Bd7 16. Ne4 h6 17. Ng3 Rhf8 18. Rfe1 c5 19. Nde2 b6 20. Nh5
Rf7 21. Nef4 Bf5 22. Rxd8+ Bxd8 23. Re2 Kb7 24. Rd2 Be7 25. Nd5 Bd6 26. Nc3 Ne5
27. b3 Nc6 28. Ng3 Bxg3 29. fxg3 Nb4 30. g4 Bh7 31. Nd5 Nxc2 32. Bf2 Rd7 33.
Rd1 Nb4 34. Nc3 Rxd1+ 35. Nxd1 Nxa2 36. Ne3 Nc1 37. Nf5 Bxf5 38. gxf5 Kc6 39.
g4 Kd5 40. Be3 Nxb3 41. f6 gxf6 42. Bxh6 a5 0-1

[Event "Duna Kupa (Nõi Nyílt Bajnokság)"]
[Site "Budapest"]
[Date "2015.09.25"]
[Round "3.15"]
[White "Marosi, Levente"]
[Black "Toth-Katona, Tamas"]
[Result "1/2-1/2"]
[WhiteElo "2212"]
[BlackElo "1979"]
[PlyCount "96"]
[EventDate "2015.09.23"]
[EventType "swiss"]
[EventRounds "9"]
[EventCountry "HUN"]

1. e4 e5 2. Nf3 Nc6 3. Bb5 Nf6 4. O-O Nxe4 5. d4 Nd6 6. Bxc6 dxc6 7. dxe5 Nf5
8. Qxd8+ Kxd8 9. Nc3 Ke8 10. Rd1 Be7 11. Ne4 Be6 12. b3 h5 13. c4 b6 14. Neg5
Rh6 15. Nh3 Rh8 16. Bb2 Rd8 17. Rxd8+ Bxd8 18. Rd1 Be7 19. Kf1 Rh7 20. Ke2 a6
21. Nfg5 Rh6 22. Nxe6 Rxe6 23. Nf4 Rh6 24. g3 g5 25. Ng2 Re6 26. f4 gxf4 27.
Nxf4 Rh6 28. Kf3 Bc5 29. Rd3 Ke7 30. Nh3 Rg6 31. Ke4 Ng7 32. Nf4 Rh6 33. Bc1
Rh7 34. Rf3 Ke8 35. Nh3 Ne6 36. Ng5 Rg7 37. Nxe6 fxe6 38. Rf6 Bg1 39. Bf4 Bxh2
40. Rxe6+ Kd7 41. Rh6 Bxg3 42. Bxg3 Rxg3 43. Rh7+ Ke6 44. Rxc7 Rg4+ 45. Ke3
Kxe5 46. Rxc6 Re4+ 47. Kf3 Rf4+ 48. Kg3 Rf6 1/2-1/2

[Event "Duna Kupa (Nõi Nyílt Bajnokság)"]
[Site "Budapest"]
[Date "2015.09.25"]
[Round "3.16"]
[White "Heyl, Thomas"]
[Black "Jamrich, Gyorgy"]
[Result "1/2-1/2"]
[WhiteElo "1975"]
[BlackElo "2207"]
[PlyCount "61"]
[EventDate "2015.09.23"]
[EventType "swiss"]
[EventRounds "9"]
[EventCountry "HUN"]

1. c4 b6 2. g3 Bb7 3. Nf3 e5 4. Bg2 h5 5. Nc3 Be7 6. Nd5 c6 7. Nxe7 Qxe7 8. d3
d6 9. b4 Nd7 10. h4 Ngf6 11. O-O O-O 12. Bb2 Rfe8 13. a3 d5 14. e3 Ng4 15. cxd5
cxd5 16. Rc1 Nf8 17. Qb3 Rad8 18. Rc2 Ng6 19. Rfc1 Rd7 20. Nh2 Nf6 21. Bh3 Red8
22. Bxd7 Rxd7 23. b5 Ne8 24. Qb4 Qe6 25. Qe1 Kh7 26. Qe2 Kh6 27. a4 Qh3 28. Qf1
Qf5 29. Qe2 Qh3 30. Qf1 Qf5 31. Qe2 1/2-1/2

[Event "Duna Kupa (Nõi Nyílt Bajnokság)"]
[Site "Budapest"]
[Date "2015.09.25"]
[Round "3.17"]
[White "Dudas, Eszter"]
[Black "Nemeth, Zoltan"]
[Result "0-1"]
[WhiteElo "2145"]
[BlackElo "2296"]
[PlyCount "74"]
[EventDate "2015.09.23"]
[EventType "swiss"]
[EventRounds "9"]
[EventCountry "HUN"]

1. e4 e5 2. Nf3 Nc6 3. Bb5 g6 4. c3 d6 5. d4 Bd7 6. O-O Bg7 7. d5 Nce7 8. Bxd7+
Qxd7 9. c4 h6 10. Nc3 f5 11. Nd2 Nf6 12. b4 O-O 13. f3 f4 14. Nb3 g5 15. c5 g4
16. Na5 b6 17. Nc4 gxf3 18. Qxf3 Ng6 19. h3 Qe7 20. Ba3 Rad8 21. cxd6 cxd6 22.
Rac1 Nh4 23. Qd1 f3 24. Rxf3 Nxf3+ 25. Qxf3 Ne8 26. Qe2 Bf6 27. Ne3 Bg5 28. Nb5
Qh7 29. Nc3 Nf6 30. Qd3 Nh5 31. Nb5 Rd7 32. Re1 Bxe3+ 33. Qxe3 Rg7 34. Kh2 Rg3
35. Qc1 Qg6 36. Qb2 Rxh3+ 37. Kg1 Qg3 0-1

[Event "Duna Kupa (Nõi Nyílt Bajnokság)"]
[Site "Budapest"]
[Date "2015.09.25"]
[Round "3.18"]
[White "Bodrogi, Mihaly"]
[Black "Bodi, Tibor"]
[Result "0-1"]
[WhiteElo "2044"]
[BlackElo "2261"]
[PlyCount "37"]
[EventDate "2015.09.23"]
[EventType "swiss"]
[EventRounds "9"]
[EventCountry "HUN"]

1. d4 f5 2. Bg5 h6 3. Bd2 Nf6 4. e3 e6 5. Bd3 Be7 6. Nc3 O-O 7. Qf3 d5 8. O-O-O
c5 9. dxc5 Nbd7 10. Qe2 Nxc5 11. f3 e5 12. Qf2 Be6 13. Be2 a6 14. f4 e4 15. h3
b5 16. g4 b4 17. Nb1 Qa5 18. a3 Rfc8 19. gxf5 0-1

[Event "Duna Kupa (Nõi Nyílt Bajnokság)"]
[Site "Budapest"]
[Date "2015.09.25"]
[Round "3.19"]
[White "Marta, Dominik"]
[Black "Juhasz, Barbara"]
[Result "0-1"]
[WhiteElo "2009"]
[BlackElo "2175"]
[PlyCount "54"]
[EventDate "2015.09.23"]
[EventType "swiss"]
[EventRounds "9"]
[EventCountry "HUN"]

1. Nf3 g6 2. g3 Bg7 3. Bg2 c5 4. O-O Nc6 5. c3 e5 6. e4 Nge7 7. Na3 O-O 8. Nc4
d5 9. exd5 Nxd5 10. Re1 Re8 11. d4 cxd4 12. cxd4 exd4 13. Rxe8+ Qxe8 14. Nxd4
Nxd4 15. Bxd5 Be6 16. Bxe6 Qxe6 17. Ne3 Qa6 18. f4 Rd8 19. Kf2 Ne6 20. Qf3 Qb6
21. Kg2 Nd4 22. Qe4 Qa6 23. Qe7 Bf6 24. Qc5 Qe2+ 25. Kh3 Nf3 26. Ng2 Bd4 27.
Qa5 Ng1+ 0-1

[Event "Duna Kupa (Nõi Nyílt Bajnokság)"]
[Site "Budapest"]
[Date "2015.09.25"]
[Round "3.20"]
[White "Laza, Szabolcs"]
[Black "Piroska, Istvan"]
[Result "1/2-1/2"]
[WhiteElo "2150"]
[BlackElo "2065"]
[PlyCount "171"]
[EventDate "2015.09.23"]
[EventType "swiss"]
[EventRounds "9"]
[EventCountry "HUN"]

1. d4 d5 2. c4 dxc4 3. Nf3 Nf6 4. e3 e6 5. Bxc4 c5 6. O-O a6 7. a4 Nc6 8. b3
cxd4 9. exd4 Be7 10. Bb2 O-O 11. Nbd2 Qb6 12. Rc1 Rd8 13. Bd3 Na5 14. Ne5 Bd7
15. Nxd7 Rxd7 16. Qc2 Rad8 17. Nc4 Nxc4 18. bxc4 h6 19. Bc3 Qc7 20. g3 Ne8 21.
Rfd1 Bf6 22. Qb2 Kh8 23. Be2 Nd6 24. d5 Bxc3 25. Rxc3 Ne4 26. Rcc1 Qa5 27. Qc2
Nc5 28. Bf3 Qxa4 29. Qxa4 Nxa4 30. dxe6 fxe6 31. Re1 Nc5 32. Rb1 Rf7 33. Bh5
Rf6 34. Re5 Rc8 35. Rd1 a5 36. Kg2 a4 37. Bf3 Rf5 38. Re3 Ra8 39. Ra1 Rf7 40.
Re5 Rc7 41. Ra3 Ra6 42. Re2 Rb6 43. Bg4 Rb3 44. Raa2 Rc6 45. Bf3 Ra6 46. Red2
a3 47. h4 g6 48. h5 Kg7 49. hxg6 Kxg6 50. Bd1 Rc3 51. Rd4 h5 52. Kh3 Nb3 53.
Bxb3 Rxb3 54. Rdd2 Rc3 55. Rd4 e5 56. Rd7 Rb3 57. Rdd2 Ra4 58. Rd5 Rb2 59. Rxb2
axb2 60. Rb5 Rxc4 61. Rxb2 Rc7 62. Kh4 Kf5 63. Rb5 Re7 64. f4 Kf6 65. Rb6+ Re6
66. fxe5+ Kxe5 67. Rxb7 Kf6 68. Kxh5 Re5+ 69. Kh4 Re6 70. g4 Kg6 71. Rb8 Kg7
72. Kg5 Rg6+ 73. Kf5 Rf6+ 74. Kg5 Rg6+ 75. Kf5 Rf6+ 76. Ke5 Ra6 77. g5 Rc6 78.
Kf5 Ra6 79. Rb7+ Kg8 80. Rb8+ Kg7 81. Rb7+ Kg8 82. Re7 Rb6 83. Kg4 Ra6 84. Kh5
Rb6 85. g6 Rb1 86. Kh6 1/2-1/2

[Event "Duna Kupa (Nõi Nyílt Bajnokság)"]
[Site "Budapest"]
[Date "2015.09.25"]
[Round "3.21"]
[White "Fodre, Sandor"]
[Black "Vargyas, Zoltan"]
[Result "1/2-1/2"]
[WhiteElo "2139"]
[BlackElo "2094"]
[PlyCount "92"]
[EventDate "2015.09.23"]
[EventType "swiss"]
[EventRounds "9"]
[EventCountry "HUN"]

1. e4 e5 2. Nf3 Nc6 3. d4 exd4 4. Nxd4 Nf6 5. Nxc6 bxc6 6. Bd3 d5 7. Nc3 Bb4 8.
Bd2 O-O 9. O-O Bxc3 10. Bxc3 Nxe4 11. Bxe4 dxe4 12. Qe2 Re8 13. Qe3 Bf5 14.
Rad1 Qh4 15. Rfe1 Re6 16. Qd4 Rg6 17. Re3 Re8 18. Rg3 Rxg3 19. hxg3 Qg5 20. Re1
h6 21. Qxa7 e3 22. Rxe3 Rxe3 23. Qxe3 Qxe3 24. fxe3 Bxc2 25. Be5 c5 26. Bxc7 f5
27. Kf2 Kf7 28. a3 Ke6 29. b4 c4 30. b5 Kd5 31. b6 Kc6 32. Be5 Kxb6 33. Bxg7 h5
34. Kf3 Kb5 35. Kf4 Ka4 36. Kg5 Kxa3 37. Kxh5 Kb3 38. Kg5 c3 39. Kf4 Bd3 40.
Bxc3 Kxc3 41. g4 fxg4 42. Kxg4 Be4 43. g3 Kd3 44. Kf4 Bh7 45. g4 Be4 46. g5 Bg6
1/2-1/2

[Event "Duna Kupa (Nõi Nyílt Bajnokság)"]
[Site "Budapest"]
[Date "2015.09.25"]
[Round "3.22"]
[White "Fodor, Balazs"]
[Black "Torok, Tamas Titusz"]
[Result "1-0"]
[WhiteElo "2057"]
[BlackElo "2139"]
[PlyCount "68"]
[EventDate "2015.09.23"]
[EventType "swiss"]
[EventRounds "9"]
[EventCountry "HUN"]

1. d4 Nf6 2. c4 g6 3. Nc3 Bg7 4. e4 d6 5. f3 O-O 6. Be3 Nc6 7. Qd2 a6 8. Nge2
Rb8 9. Ng3 e5 10. d5 Nd4 11. h4 h5 12. Be2 c5 13. dxc6 bxc6 14. Rc1 d5 15. cxd5
cxd5 16. Bd3 Nxf3+ 17. gxf3 d4 18. Bg5 dxc3 19. Rxc3 Be6 20. b3 Qd4 21. Bc4 Qb6
22. Bxe6 fxe6 23. Rd3 Qb5 24. O-O Rb7 25. Rd1 Ne8 26. Kg2 Rbf7 27. Ne2 Kh7 28.
Ng1 Nf6 29. Nh3 Kg8 30. Bh6 Nh7 31. Bxg7 Rxg7 32. Ng5 Nxg5 33. Qxg5 Kh7 34. a4
Qb8 {...} 1-0

[Event "Duna Kupa (Nõi Nyílt Bajnokság)"]
[Site "Budapest"]
[Date "2015.09.25"]
[Round "3.23"]
[White "Kormos, Adam"]
[Black "Trajber, Csaba Dr"]
[Result "1-0"]
[WhiteElo "2116"]
[BlackElo "2031"]
[PlyCount "93"]
[EventDate "2015.09.23"]
[EventType "swiss"]
[EventRounds "9"]
[EventCountry "HUN"]

1. e4 c5 2. Nf3 e6 3. Nc3 a6 4. a4 Nc6 5. Bc4 Qc7 6. O-O Nf6 7. Re1 d6 8. d3
Be7 9. Bf4 e5 10. Bg5 Be6 11. Nd2 Nd4 12. Nf1 Ng8 13. Bd2 Bf6 14. Ng3 g6 15.
Nd5 Bxd5 16. exd5 Ne7 17. b4 O-O 18. bxc5 Bg7 19. Ne4 Nc8 20. cxd6 Nxd6 21.
Nxd6 Qxd6 22. Rb1 Rfb8 23. a5 b5 24. axb6 Rxb6 25. Rxb6 Qxb6 26. Be3 Qb2 27.
Bxd4 Qxd4 28. Qb1 a5 29. Qb7 Rf8 30. Qc7 Qc3 31. Rf1 Bf6 32. d6 Kg7 33. Ba6 Qb2
34. c4 a4 35. c5 a3 36. c6 a2 37. Qa5 e4 38. dxe4 Bd4 39. Bc4 a1=Q 40. Qxa1
Qxa1 41. Rxa1 Bxa1 42. f4 Bd4+ 43. Kf1 Bc5 44. e5 f6 45. c7 fxe5 46. d7 Rxf4+
47. Ke2 1-0